It looks like you're offline.
Open Library logo
additional options menu

MARC record from Internet Archive

LEADER: 00564cam a22001810 4500
008 690701s1793 ||| ita x
035 $a(Sirsi) ABM-5975
040 $aOTU$bENG
050 4 $aPQ4734 V6$bA9 1793
090 8 $aPQ 4734 .V6A9 1793$bROBA$c1
100 10 $aVerri, Alessandro,$d1741-1816.
245 13 $aLe avventure di Saffo, poetessa di Mitilene.
260 0 $aRoma$bPresso G. Nave$c1793
300 $a267p.
600 10 $aSappho$kin fiction, drama, poetry, etc.
948 $a07/14/1992$b03/21/2000
596 $a26
926 $aROBARTS$bSTACKS$cPQ4734 .V6 A9 1793$dBOOK$f1